Minulosť a súčasnosť Nitrianskej nemocnice 1894-2009

Bibliographic Details
Other Authors: Polák, Jozef (Director), Frantová, Sylvia (Narrator)
Format: Video DVD
Language:Slovak
PhysicalDescription:1 elektronický optický disk (CD-ROM) 12 cm
Published: Nitra Registratúrny referát pri FN 2009
ISBN:9788097021429 (video)
Edition:[1. vyd.]
Subjects:

MARC

LEADER 00000ngm a2200000 a 4500
001 vtls009963922
003 SK-MaSNL
005 20260301212515.0
007 vd cvaizs
008 091027s2009 xo 000 gs 00 vzslo
015 |a SNBJ2010/01-00677 
020 |a 9788097021429 (video) 
040 |a SNK  |b slo  |c SNK  |e AACR2 
041 0 |a slo 
043 |a e-xo--- 
044 |a xo  |c SK 
072 7 |a 614  |x Verejné zdravie a hygiena  |2 konspekt 
080 |a 614.2:725.511  |2 2001 
080 |a 614.2:371.623.5  |2 2001 
080 |a 93/94  |2 2001 
080 |a 394.46  |2 2001 
080 |a (082.2)  |2 2001 
080 |a (0.034.44)  |2 2001 
245 0 0 |a Minulosť a súčasnosť Nitrianskej nemocnice 1894-2009  |h videozáznam  |c [réžia] Jozef Polák 
250 |a [1. vyd.] 
260 |a Nitra  |b Registratúrny referát pri FN  |c 2009 
300 |a 1 elektronický optický disk (CD-ROM)  |c 12 cm 
366 |e 50 kusov 
500 |a Dokument bol spracovaný pri príležitosti 175. výročia založenia Nitrianskej nemocnice od výstavby prvého objektu. Nepredajné 
500 |a Názov z obalu 
511 0 |a Nahovorila Sylvia Frantová 
516 |a Videozáznam, 1 súbor vo formáte mpg 
538 |a Technické požiadavky: Media Player (alebo iný prehrávač "avi" súborov) 
648 7 |a 1894-2004  |2 SNKPH  |9 397345 
650 0 7 |a nemocnice  |2 SNKPH  |9 3008 
651 7 |a Nitra (Slovensko)  |2 SNKPH  |9 15714 
655 7 |a CD-ROM  |2 SNKPH  |9 70236 
655 7 |a jubilejné publikácie  |2 SNKPH  |9 70339 
700 1 |a Polák, Jozef  |4 drt  |9 5141 
700 1 |a Frantová, Sylvia  |4 nrt  |9 598153 
919 |a 978-80-970214-2-9 
999 |c 918331  |d 920261 
952 |a SNK  |b SNK  |y PREZ  |7 0  |p 17A0634523  |o snkSCDM 2401  |i snk2009/19322  |8 0  |0 0  |1 0  |4 0  |d 2009-10-27  |l 0  |r 2026-02-24 08:07:06  |w 2026-02-24 
952 |a SNK  |b SNK  |y PREZ  |7 0  |p 17A0634524  |o snkSCDM 2401 D1  |i snk2009/19323  |8 0  |0 0  |1 0  |4 0  |d 2009-10-27  |l 0  |r 2026-02-24 08:07:06  |w 2026-02-24